Derecho político: introducción a la política y teoría del estado

Furkejuvvon:
Bibliográfalaš dieđut
Váldodahkki: Cumplido Cereceda, Francisco (Dahkki)
Materiálatiipa: Girji
Giella:espánnjágiella
Almmustuhtton: Santiago Instituto Chileno de Estudios Humanisticos 1987
Fáttát:
Fáddágilkorat: Lasit fáddágilkoriid
Eai fáddágilkorat, Lasit vuosttaš fáddágilkora!

MARC

LEADER 00000nam a2200000 a 4500
001 UCY0658
003 CL-VaPUC
008 940810e19870000CL |||||||||||||||||spa|d
082 0 4 |a 320.011  |b NOG  |2 21 
700 0 |a Cumplido Cereceda, Francisco  |e author  |9 328448 
245 1 0 |a Derecho político: introducción a la política y teoría del estado 
300 |a 329 p 
942 |c BK 
945 |d 19940810 00:00:00  |a aalvarez 
260 |a Santiago  |b Instituto Chileno de Estudios Humanisticos  |c 1987 
650 0 |a Ciencias Políticas  |9 255201 
650 0 |a Estado  |9 255503 
583 |a last modification  |c 19940810 00:00:00  |k Rodrigo Vera 
999 |c 229611  |d 229609 
952 |0 0  |1 0  |4 0  |6 320_011000000000000_NOG_1987  |7 0  |8 A  |9 230943  |a BIBDER  |b BIBDER  |d 2019-11-15  |i 3004953  |o 320.011 NOG 1987  |p 3004953  |r 2023-01-25  |w 2019-11-15  |y BK  |k DER 
952 |0 0  |1 0  |4 0  |6 320_011000000000000_NOG_1987  |7 0  |8 A  |9 230944  |a BIBHIS  |b BIBHIS  |d 2019-11-15  |i 1208667  |o 320.011 NOG 1987  |p 1208667  |r 2025-01-20  |w 2019-11-15  |y BK  |k HIS